000 00243nam a2200097Ia 4500
008 240331s9999 xx 000 0 und d
082 _bCHA
100 _aChalaby, Abbas
245 0 _aAll of Egypt :
_bfrom Cairo to Abu Simbel and SIinai
942 _cL
999 _c3481
_d3481